Statistiken für Vorname als Nachname als Vorname #2

Klicken Sie hier um das Quiz zu spielen!

Allgemein

  • Dieses Quiz wurde 181 mal gespielt
  • Das Durchschnittsergebnis liegt bei 7 aus 14

Antwortstatistiken

Vorname? Name ?Nachname% Korrekt
TomArnoldSchwarzenneger
94%
MichaelaKonradAdenauer
90%
MegRyanGosling
85%
ArethaFranklinRoosevelt
69%
Jamie LeeCurtisMayfield
57%
RandPaulKlee
57%
PaulSimonBolívar
57%
MattDamonAlbarn
54%
JohnWayneGretzky
43%
CliveOwenWilson
32%
BobDylanMcDermott
23%
MaxErnstJünger
22%
JenniferLawrenceKrauss
16%
RichardWagnerMoura
10%

Verteilung der Resultate

Perzentil nach korrekt beantworteten Fragen

Anzahl Personen mit jedem Resultat

Ihre Resultats-Entwicklung

Sie haben dieses Quiz noch nicht gespielt